[Event "Reykjavik Open 2024"]
[Site "Reykjavik ISL"]
[Date "2024.03.21"]
[Round "9.28"]
[White "Brackmann, Hendrik"]
[Black "Dauner, Benedikt"]
[Result "0-1"]
[WhiteElo "2037"]
[BlackElo "2366"]

1. e4 e6 2. d4 a6 3. Nf3 d5 4. e5 c5 5. c3 Bd7 6. Be2 Bb5 7. Bxb5+ axb5 8.
dxc5 Bxc5 9. b4 Bb6 10. Qd3 Nc6 11. Na3 f6 12. exf6 Nxf6 13. O-O O-O 14.
Nxb5 e5 15. Qe2 Ng4 16. Be3 Bxe3 17. fxe3 Qb6 18. Rfe1 e4 19. Nfd4 Nce5 20.
h3 Rf2 21. Qd1 Qg6 22. hxg4 Rxg2+ 23. Kxg2 Nxg4 24. Qe2 Rf8 25. Rf1 Nf2+
0-1